00689nam a2200169 a 450000100100000000500170001000800410002704000250006810000260009324501100011926000380022930000210026759000760028870000330036495201050039799900170050200003583020200930074639.0111115s19uu mx 000 0 spa d aDO-SdBNPbspacBNPHU1 aCarnegie, Dale96179910aCómo ganar amigos e influir sobre las personas /cDale Carnegie ; traducción de Román A. Jiménez. a[México, D.F :bs. n.,c19--?]. a319 p. ;c21 cm. aPerteneció a la biblioteca personal de Juan Isidro Jimenes Grullón.1 aJiménez, Román A.961800 001050718MOaGRbGRcCTd2011-11-15iLF1l0o p35830-10r2020-06-25w2020-06-25y1ZNo se presta c35321d35321